| 000 | 00767nam a22001577a 4500 | ||
|---|---|---|---|
| 003 | OSt | ||
| 005 | 20150917150926.0 | ||
| 008 | 150917b xxu||||| |||| 00| 0 eng d | ||
| 040 | _cRUA | ||
| 082 | _aAGR UM 2005 B032 Or.1 | ||
| 100 |
_9685 _aUM BOPHA |
||
| 245 | _aEffect of duration of weed competition on chilli pepper (capsicumannunm) yield at royal university of agriculture,(ឥទ្ធិពលថេរវេលានៃការប្រណំាងប្រជែងរបស់ស្មៅចង្រៃលើទិន្នផលម្ទេសដៃនាងនៅក្នុងសាកលវិទ្យាល័យភូមិន្ទកសិកម្ម) | ||
| 260 |
_aphnom penh _bRUA _c2005 |
||
| 300 |
_axiii,57p. _cill. _g29cm. |
||
| 942 |
_2ddc _cAGR |
||
| 999 |
_c660 _d660 |
||